Delphi 3; Программирование на Object Pascal

Մատենագիտական մանրամասներ
Հիմնական հեղինակ: Культин Н. Б. Никита
Լեզու:ռուսերեն
Հրապարակվել է: СПб., BHV-Санкт-Петербург, 1998
Շարք:Изучаем вместе с BHV
Խորագրեր:
Ձևաչափ: Անհայտ
KOHA link:https://koha.lib.tpu.ru/cgi-bin/koha/opac-detail.pl?biblionumber=7729

MARC

LEADER 00000nmm0a2200000 4500
001 7729
005 20231030181315.0
010 |a 5779100918 
035 |a (RuTPU)RU\TPU\book\7774 
035 |a BOOK00007833 
090 |a 7729 
100 |a 20011209d1998 m y0rusy50 ca 
101 0 |a rus 
102 |a RU 
105 |a a j 000zy 
200 1 |a Delphi 3  |a Программирование на Object Pascal  |f Н. Б. Культин 
210 |a СПб.  |c BHV-Санкт-Петербург  |d 1998 
215 |a 304 с.  |c ил. 
225 1 |a Изучаем вместе с BHV 
610 1 |a операционные системы 
610 1 |a визуальное программирование 
610 1 |a Windows 95 
610 1 |a Delphi 3 
610 1 |a языки программирования 
610 1 |a Object Pascal 
610 1 |a учебные пособия 
675 |a 681.3.066(075.8)  |v 3 
700 1 |a Культин  |b Н. Б.  |g Никита 
801 0 |a RU  |b 63413507  |c 20011209  |g PSBO 
801 2 |a RU  |b 63413507  |c 20170321  |g PSBO 
900 |a Прикладное программирование 
942 |c MX